[Event "Oregon Closed Invitational"]
[Site "Portland, OR"]
[Date "2016.02.14"]
[Round "8"]
[White "Sherrard, Jerry"]
[Black "Koontz, Carl A"]
[Result "1-0"]
[WhiteElo "2051"]
[BlackElo "1936"]
[PlyCount "91"]
[EventDate "2016.02.06"]
[EventType "tourn"]
[EventRounds "9"]
[EventCountry "USA"]

1. e4 g6 2. d4 Bg7 3. Nc3 c6 4. Bc4 d6 5. Nf3 Nf6 6. O-O b5 7. Bd3 O-O 8. h3 h6
9. Re1 a6 10. Be3 e6 11. a4 b4 12. Ne2 a5 13. c3 bxc3 14. bxc3 Nbd7 15. Qd2 Kh7
16. Bf4 Nb6 17. e5 Nfd5 18. exd6 Nxf4 19. Qxf4 Nd5 20. Qg3 Ba6 21. Bxa6 Rxa6
22. Ne5 Nf6 23. Qd3 Rb6 24. Nf4 Qxd6 25. Nc4 Qxf4 26. Nxb6 Rd8 27. Qe3 Qc7 28.
Nc4 Nd5 29. Qf3 c5 30. Ne5 cxd4 31. cxd4 Nb4 32. Rac1 Qe7 33. Rc4 Kg8 34. Qe4
Qe8 35. Ra1 Nd5 36. Nc6 Nb6 37. Rc5 Rd6 38. Rb1 Nd7 39. Rc4 Nf6 40. Qc2 Qd7 41.
Ne5 Qa7 42. Rc7 Qxd4 43. Nxf7 Rd7 44. Rxd7 Qxd7 45. Ne5 Qd4 46. Rb8+ 1-0

[Event "Oregon Closed Invitational"]
[Site "Portland, OR"]
[Date "2016.02.15"]
[Round "9"]
[White "Surak, Steve S"]
[Black "Deeth, Steven B"]
[Result "0-1"]
[WhiteElo "1960"]
[BlackElo "2062"]
[PlyCount "74"]
[EventDate "2016.02.06"]
[EventType "tourn"]
[EventRounds "9"]
[EventCountry "USA"]

1. d4 d5 2. e4 dxe4 3. Nc3 e5 4. Qh5 Nc6 5. Bb5 exd4 6. Qe5+ Be6 7. Nxe4 Qd5 8.
Nf3 O-O-O 9. Bxc6 bxc6 10. Bf4 Qxe5 11. Nxe5 Bd5 12. f3 f6 13. Nd3 Bxe4 14.
fxe4 Ne7 15. O-O Ng6 16. Rae1 c5 17. b3 Bd6 18. e5 Nxf4 19. Rxf4 fxe5 20. Rfe4
Rde8 21. Nxe5 Bxe5 22. Rxe5 Kd7 23. Kf2 Rhf8+ 24. Kg3 Rxe5 25. Rxe5 Kd6 26. Rg5
g6 27. h4 Rf1 28. h5 gxh5 29. Rxh5 Rc1 30. Rxh7 Rxc2 31. Rh6+ Kd5 32. Ra6 Ke4
33. Rxa7 d3 34. Rxc7 d2 35. Re7+ Kd3 36. Rd7+ Ke2 37. Re7+ Kd1 0-1

[Event "Oregon Closed Invitational"]
[Site "Portland, OR"]
[Date "2016.02.15"]
[Round "9"]
[White "Heywood, Bill"]
[Black "Koontz, Carl A"]
[Result "1-0"]
[WhiteElo "2048"]
[BlackElo "1936"]
[PlyCount "47"]
[EventDate "2016.02.06"]
[EventType "tourn"]
[EventRounds "9"]
[EventCountry "USA"]

1. d4 g6 2. Nf3 Bg7 3. g3 d6 4. Bg2 Nd7 5. O-O Ngf6 6. c4 O-O 7. Nc3 c6 8. e4
e5 9. h3 a6 10. Be3 b5 11. c5 b4 12. Na4 Nxe4 13. Nxe5 dxe5 14. Bxe4 exd4 15.
Bxd4 Nf6 16. Bxc6 Bxh3 17. Nb6 Rb8 18. Re1 Bg4 19. Qd2 Qc7 20. Bg2 Qd8 21. Qxb4
Nd5 22. Bxd5 Rxb6 23. cxb6 Qxd5 24. Bxg7 1-0

[Event "Oregon Closed Invitational"]
[Site "Portland, OR"]
[Date "2016.02.15"]
[Round "9"]
[White "Rachmuth, Moshe Shai"]
[Black "Sherrard, Jerry"]
[Result "0-1"]
[WhiteElo "1882"]
[BlackElo "2051"]
[PlyCount "70"]
[EventDate "2016.02.06"]
[EventType "tourn"]
[EventRounds "9"]
[EventCountry "USA"]

1. d4 Nf6 2. Nc3 d5 3. Bg5 Nbd7 4. e3 c6 5. Nf3 Qb6 6. Na4 Qa5+ 7. c3 b5 8. Nc5
Nxc5 9. dxc5 Ne4 10. b4 Qa3 11. Qb3 Qxb3 12. axb3 f6 13. Bh4 Nxc3 14. Nd4 Kd7
15. f3 e5 16. Nc2 d4 17. exd4 exd4 18. Nxd4 Kc7 19. Bg3+ Kb7 20. Bd3 Nd5 21.
Be4 Nxb4 22. Nxb5 f5 23. Nd6+ Bxd6 24. cxd6 fxe4 25. O-O-O Bf5 26. fxe4 Bxe4
27. Rd4 Nd3+ 28. Kd2 Nc5 29. Rb4+ Kc8 30. Rc1 a5 31. Rb6 Nd7 32. Rbxc6+ Bxc6
33. Rxc6+ Kd8 34. Bh4+ Ke8 35. Be7 Kf7 0-1

[Event "Oregon Closed Invitational"]
[Site "Portland, OR"]
[Date "2016.02.11"]
[Round "9"]
[White "O'Connell, Sean"]
[Black "Jacobi, Gunther"]
[Result "0-1"]
[WhiteElo "1970"]
[BlackElo "1941"]
[PlyCount "86"]
[EventDate "2016.02.06"]
[EventType "tourn"]
[EventRounds "9"]
[EventCountry "USA"]

1. Nf3 g6 2. e4 d6 3. d4 Bg7 4. Bc4 Nf6 5. Nbd2 O-O 6. O-O Nxe4 7. Nxe4 d5 8.
Bd3 dxe4 9. Bxe4 Nd7 10. Bg5 h6 11. Be3 Nf6 12. Bd3 Nd5 13. Bd2 c5 14. dxc5 Qc7
15. Qc1 Kh7 16. c4 Nf6 17. Re1 Qxc5 18. b4 Qd6 19. Ne5 Ng4 20. Nxg4 Bxg4 21.
Re3 Bxa1 22. Qxa1 Bf5 23. Bxf5 gxf5 24. Bc3 Rad8 25. Re1 f6 26. Qb1 e6 27. Qb3
e5 28. g3 Rg8 29. c5 Qd5 30. Qc2 Qd3 31. Qb2 Rg4 32. b5 Rc4 33. Re3 Qd1+ 34.
Re1 Qf3 35. Ba5 Rd1 36. c6 Rxe1+ 37. Bxe1 bxc6 38. bxc6 Qxc6 39. Qb3 Kg7 40.
Bd2 Rc2 41. Qe3 f4 42. gxf4 Rxa2 43. f5 Ra1+ 0-1